Una mirada histórica al aporte del Hospital Guillermo Grant Benavente a la Región del Biobío.
Guardat en:
| Autor principal: | |
|---|---|
| Format: | Llibre |
| Publicat: |
[Concepción, Chile]:
Ministerio de Salud, Servicio de Salud Concepción; Gobierno Regional, Región del Biobío,
[2017].
|
| Matèries: | |
| Etiquetes: |
Afegir etiqueta
Sense etiquetes, Sigues el primer a etiquetar aquest registre!
|
MARC
| LEADER | 00000nam a22000007a 4500 | ||
|---|---|---|---|
| 003 | CL-VaPUC | ||
| 005 | 20240517110906.0 | ||
| 008 | 240513t2017 ||||| |||| 00| 0 eng d | ||
| 999 | |c 443739 |d 443737 | ||
| 040 | |c Pontificia Universidad Católica de Valparaíso | ||
| 082 | |2 22 |a 362.11098339 ESP [2017] | ||
| 100 | 1 | |a Espinoza Orihuela, César |e autor |9 888927 | |
| 245 | 1 | 4 | |a Una mirada histórica al aporte del Hospital Guillermo Grant Benavente a la Región del Biobío. |
| 260 | |a [Concepción, Chile]: |b Ministerio de Salud, Servicio de Salud Concepción; |b Gobierno Regional, Región del Biobío, |c [2017]. | ||
| 300 | |a 70 páginas : |b fotografías. | ||
| 500 | |a c.1 Donación del autor Sr. Cesár Espinoza Orihuela. MEMO HIS/011 - 22-4-2024 | ||
| 583 | |c 20240513 |k GC | ||
| 610 | 0 | |9 888951 |a Hospital Guillermo Grant Benavente |v Historia |z Concepción, Chile | |
| 650 | 0 | |9 335788 |a Hospitales |x Historia de Chile |y Siglos 16-19 | |
| 942 | |2 ddc |c BK | ||
| 952 | |0 0 |1 0 |2 ddc |4 0 |6 362_110983390000000_ESP_2017 |7 0 |8 A |9 594595 |a BIBHIS |b BIBHIS |d 2024-05-13 |e Donación |i 5661372 |o 362.11098339 ESP [2017] |p 5661372 |r 2025-01-20 |t 1 |w 2024-05-13 |y BK |k HIS | ||